00629 2200217 4500001002100000005001500021035002000036245012900056100002000185250000600205300003300211700002500244260003100269082000800300084001400308020001800322650002000340990001700360990001700377990001700394INLIS00000000000038120181012120155 a0010-10180000711 aEmpat K ( Kecil-Kecil Kompak dan Kreatif ). :bJilid 6 Kampung Langka Satwa /cDrajat Suratman; Editor, Eko Marsudiono, S.Pd0 aDrajat Suratman a- a16 hlm. :bilus. ;c27,5 cm.0 aEko Marsudiono, S.Pd aBogor :bYudhistira,c2004 a813 a813 DRA e a979-746-296-X aFiksi Indonesia a01484/P/2018 a01485/P/2018 a01486/P/2018